000 00300nam a22001217a 4500
008 180814b xxu||||| |||| 00| 0 eng d
041 _aeng
080 _a616.12
100 _a7
101 _akar
245 _acardiac catheterization in congenital heart disease
_ccournard.a
942 _2udc
_cBK
999 _c47073
_d47073